000
00283nam a2200121Ia 4500
008
191201s2019 xx 000 0 und d
082
_a
005.133
_b
KAC
100
_a
KANETKAR, Yashavant
245
0
_a
C Pearls
260
_b
BPB Publication
_a
NEW DELHI
300
_a
291
942
_2
ddc
_c
BK
999
_c
7857
_d
7857